| Tag |
First Indicator |
Second Indicator |
Subfields |
| LEADER |
00000cam a22000001i 4500 |
| 001 |
in00003976439 |
| 005 |
20190416173318.0 |
| 006 |
m |o d | |
| 007 |
cr |n||||||||| |
| 008 |
180227s2018 flu o 000 0 eng d |
| 020 |
|
|
|a 9781351727433 (electronic bk.)
|
| 020 |
|
|
|a 1351727435 (electronic bk.)
|
| 020 |
|
|
|z 9781138740815
|
| 020 |
|
|
|z 1138740810
|
| 020 |
|
|
|z 9781138740822
|
| 020 |
|
|
|z 1138740829
|
| 024 |
8 |
|
|a 40027969342
|
| 035 |
|
|
|a (NhCcYBP)EBSCO1705224
|
| 040 |
|
|
|a NhCcYBP
|c NhCcYBP
|d UtOrBLW
|
| 050 |
|
4 |
|a TK7881.94
|b .S39 2018
|
| 082 |
0 |
4 |
|a 006.8
|2 23
|
| 100 |
1 |
|
|a Schutze, Stephan,
|e author.
|0 http://id.loc.gov/authorities/names/n2017060903
|
| 245 |
1 |
0 |
|a Virtual sound :
|b a practical guide to audio, dialogue and music in VR and AR /
|c Stephan Schutze.
|
| 264 |
|
1 |
|a Boca Raton :
|b Taylor & Francis, a CRC title, part of the Taylor & Francis imprint, a member of the Taylor & Francis Group, the academic division of T&F Informa, plc,
|c [2018]
|
| 300 |
|
|
|a 1 online resource.
|
| 336 |
|
|
|a text
|b txt
|2 rdacontent
|
| 337 |
|
|
|a computer
|b c
|2 rdamedia
|
| 338 |
|
|
|a online resource
|b cr
|2 rdacarrier
|
| 588 |
|
|
|a Description based on print version record.
|
| 500 |
|
|
|a Electronic resource.
|
| 650 |
|
0 |
|a Sound in virtual reality.
|0 http://id.loc.gov/authorities/subjects/sh2017004854
|
| 650 |
|
0 |
|a Computer sound processing.
|0 http://id.loc.gov/authorities/subjects/sh85029539
|
| 650 |
|
0 |
|a Multimedia systems.
|0 http://id.loc.gov/authorities/subjects/sh92002381
|
| 655 |
|
7 |
|a Electronic books.
|2 local
|
| 710 |
2 |
|
|a EBSCOhost.
|
| 776 |
1 |
8 |
|c Original
|z 9781138740815
|z 1138740810
|z 9781138740822
|z 1138740829
|w (DLC) 2017037804
|
| 856 |
4 |
0 |
|u http://proxy.library.tamu.edu/login?url=http://search.ebscohost.com/login.aspx?direct=true&scope=site&db=nlebk&db=nlabk&AN=1705224
|z Connect to the full text of this electronic book
|t 0
|
| 955 |
|
|
|a YBP purchased approval e-records
|
| 980 |
|
|
|b 187.44
|g 1
|
| 987 |
|
|
|a ybp15174318
|
| 999 |
f |
f |
|s 9bb4d7b3-a51c-37ad-82d6-b2ff8c2c8ec3
|i 642d062e-e9f6-305c-b128-3719cd8ab98a
|t 0
|
| 952 |
f |
f |
|a Texas A&M University
|b College Station
|c Electronic Resources
|d Available Online
|t 0
|e TK7881.94 .S39 2018
|h Library of Congress classification
|
| 998 |
f |
f |
|a TK7881.94 .S39 2018
|t 0
|l Available Online
|